[Event "blitz-d14"]
[Site "?"]
[Date "2021.08.27"]
[Round "13.1"]
[White "Seemann, Pola"]
[Black "Szczotka, Klara"]
[Result "0-1"]
[BlackElo "1601"]
[WhiteElo "1196"]
[LiveChessVersion "1.4.4"]

1. e4 {[%clk 0:03:03]} c5 {[%clk 0:03:03]} 2. Nf3 e6 3. d4 {[%clk 0:03:05]} cxd4
{[%clk 0:03:06]} 4. Nxd4 {[%clk 0:03:06]} a6 {[%clk 0:03:08]} 5. Nc3
{[%clk 0:03:07]} Qc7 {[%clk 0:03:09]} 6. Be3 {[%clk 0:03:06]} Nf6
{[%clk 0:03:10]} 7. Bd3 {[%clk 0:02:58]} b5 {[%clk 0:03:11]} 8. O-O
{[%clk 0:02:56]} Bb7 {[%clk 0:03:12]} 9. a3 {[%clk 0:02:52]} d6 {[%clk 0:03:13]}
10. Kh1 {[%clk 0:02:52]} Nbd7 {[%clk 0:03:14]} 11. f4 {[%clk 0:02:52]} Be7
{[%clk 0:03:16]} 12. Qe1 {[%clk 0:02:48]} Rc8 {[%clk 0:03:15]} 13. Qg3
{[%clk 0:02:45]} g6 {[%clk 0:03:16]} 14. Qh3 {[%clk 0:02:36]} Nc5
{[%clk 0:03:12]} 15. Qh6 {[%clk 0:02:31]} Ncxe4 {[%clk 0:02:08]} 16. Nxe4
{[%clk 0:02:23]} Bxe4 {[%clk 0:02:09]} 17. Bxe4 {[%clk 0:02:18]} Nxe4
{[%clk 0:02:10]} 18. Qg7 {[%clk 0:02:14]} Bf6 {[%clk 0:02:02]} 19. Qh6
{[%clk 0:02:14]} Qe7 {[%clk 0:01:44]} 20. Rae1 {[%clk 0:01:51]} d5
{[%clk 0:01:12]} 21. Bg1 {[%clk 0:01:36]} Rc4 {[%clk 0:01:04]} 22. c3
{[%clk 0:01:25]} Qf8 {[%clk 0:00:40]} 23. Qh3 {[%clk 0:01:21]} Kd7
{[%clk 0:00:36]} 24. Qd3 {[%clk 0:01:20]} Nc5 {[%clk 0:00:25]} 25. Qd2
{[%clk 0:01:14]} Nb7 {[%clk 0:00:18]} 26. Nf3 {[%clk 0:01:08]} Qd6
{[%clk 0:00:17]} 27. Ne5+ {[%clk 0:01:07]} Bxe5 {[%clk 0:00:17]} 28. fxe5
{[%clk 0:01:07]} Qe7 {[%clk 0:00:17]} 29. Rf6 {[%clk 0:01:03]} Rhc8
{[%clk 0:00:13]} 30. Ref1 {[%clk 0:01:03]} Nd8 {[%clk 0:00:13]} 31. Bb6
{[%clk 0:00:56]} R4c7 {[%clk 0:00:09]} 32. Bxc7 {[%clk 0:00:55]} Kxc7
{[%clk 0:00:10]} 33. Qd4 {[%clk 0:00:53]} Kc6 {[%clk 0:00:10]} 34. Qh4
{[%clk 0:00:45]} Qa7 {[%clk 0:00:05]} 35. Qxh7 {[%clk 0:00:45]} Qe3
{[%clk 0:00:05]} 36. Qh4 {[%clk 0:00:40]} Qxe5 {[%clk 0:00:05]} 37. Qf2
{[%clk 0:00:35]} Kb7 {[%clk 0:00:05]} 38. Re1 {[%clk 0:00:31]} Qd6
{[%clk 0:00:05]} 39. Qd4 {[%clk 0:00:29]} Rc4 {[%clk 0:00:05]} 40. Qe3
{[%clk 0:00:29]} Re4 {[%clk 0:00:06]} 41. Qf2 {[%clk 0:00:29]} Rxe1+
{[%clk 0:00:07]} 42. Qxe1 {[%clk 0:00:30]} Qc5 {[%clk 0:00:06]} 43. Qh4
{[%clk 0:00:24]} Qe3 {[%clk 0:00:06]} 44. Rf1 {[%clk 0:00:22]} Kc8
{[%clk 0:00:04]} 45. Qf6 {[%clk 0:00:20]} Qe2 {[%clk 0:00:05]} 46. Qf4
{[%clk 0:00:18]} Kd7 {[%clk 0:00:05]} 47. Qf6 {[%clk 0:00:18]} Qe4
{[%clk 0:00:04]} 48. Qf2 {[%clk 0:00:18]} Kd6 {[%clk 0:00:04]} 49. Qb6+
{[%clk 0:00:19]} Ke7 {[%clk 0:00:04]} 50. Qc7+ {[%clk 0:00:19]} Ke8
{[%clk 0:00:05]} 51. Qb6 {[%clk 0:00:13]} Qe2 {[%clk 0:00:06]} 52. Qg1
{[%clk 0:00:13]} Ke7 {[%clk 0:00:06]} 53. Re1 {[%clk 0:00:13]} Qc4
{[%clk 0:00:07]} 54. Qf2 {[%clk 0:00:14]} Qc6 {[%clk 0:00:08]} 55. Qh4+
{[%clk 0:00:14]} Kd7 {[%clk 0:00:08]} 56. Rf1 {[%clk 0:00:14]} Qc4
{[%clk 0:00:09]} 57. Qh7 {[%clk 0:00:11]} Qe4 {[%clk 0:00:09]} 58. Qh3
{[%clk 0:00:11]} Qe2 {[%clk 0:00:10]} 59. Rg1 {[%clk 0:00:10]} Kd6
{[%clk 0:00:10]} 60. Qg3+ {[%clk 0:00:11]} Qe5 {[%clk 0:00:11]} 61. Qf3
{[%clk 0:00:12]} Qe4 {[%clk 0:00:10]} 62. Qg3+ {[%clk 0:00:13]} Qe5
{[%clk 0:00:11]} 63. Qf3 {[%clk 0:00:14]} Kc6 {[%clk 0:00:13]} 64. Qh3
{[%clk 0:00:12]} Qf5 {[%clk 0:00:13]} 65. Qh8 {[%clk 0:00:13]} Kd7
{[%clk 0:00:14]} 66. Qd4 {[%clk 0:00:13]} Qc2 {[%clk 0:00:11]} 67. Qa7+
{[%clk 0:00:12]} Ke8 {[%clk 0:00:11]} 68. Qxa6 {[%clk 0:00:13]} Qxb2
{[%clk 0:00:12]} 69. Qa5 {[%clk 0:00:11]} Qb3 {[%clk 0:00:11]} 70. Rf1
{[%clk 0:00:10]} Qc4 {[%clk 0:00:12]} 71. Rg1 {[%clk 0:00:11]} Nc6
{[%clk 0:00:11]} 72. Qa8+ {[%clk 0:00:12]} Ke7 {[%clk 0:00:11]} 73. Qb7+
{[%clk 0:00:13]} Ke8 {[%clk 0:00:11]} 74. Qc8+ {[%clk 0:00:13]} Ke7
{[%clk 0:00:12]} 75. Qc7+ {[%clk 0:00:14]} Ke8 {[%clk 0:00:13]} 76. Qc8+
{[%clk 0:00:15]} Nd8 {[%clk 0:00:11]} 77. Qxc4 {[%clk 0:00:08]} bxc4
{[%clk 0:00:09]} 78. a4 {[%clk 0:00:09]} Kd7 {[%clk 0:00:10]} 79. Ra1
{[%clk 0:00:10]} Kc6 {[%clk 0:00:11]} 80. Kg1 {[%clk 0:00:09]} Kb6
{[%clk 0:00:12]} 81. Kf2 {[%clk 0:00:10]} Nc6 {[%clk 0:00:13]} 82. Ke3
{[%clk 0:00:10]} Na5 {[%clk 0:00:14]} 83. Kf4 {[%clk 0:00:10]} Nb3
{[%clk 0:00:15]} 84. Ra2 {[%clk 0:00:10]} f6 {[%clk 0:00:15]} 85. h4
{[%clk 0:00:10]} e5+ {[%clk 0:00:16]} 86. Ke3 {[%clk 0:00:09]} d4+
{[%clk 0:00:17]} 87. cxd4 exd4+ 88. Ke2 {[%clk 0:00:08]} Nc1+ {[%clk 0:00:16]}
89. Kd2 {[%clk 0:00:08]} Nxa2 {[%clk 0:00:17]} 90. g4 {[%clk 0:00:09]} c3+
{[%clk 0:00:18]} 91. Kc2 {[%clk 0:00:11]} Nb4+ {[%clk 0:00:20]} 92. Kc1
{[%clk 0:00:11]} Nd3+ {[%clk 0:00:20]} 93. Kc2 {[%clk 0:00:12]} Nf4
{[%clk 0:00:22]} 94. Kc1 {[%clk 0:00:11]} Ka5 {[%clk 0:00:23]} 95. Kc2
{[%clk 0:00:13]} Kxa4 {[%clk 0:00:24]} 96. Kc1 {[%clk 0:00:13]} Kb3
{[%clk 0:00:26]} 97. Kd1 {[%clk 0:00:15]} c2+ 0-1

[Event "blitz-d14"]
[Site "?"]
[Date "2021.08.27"]
[Round "13.2"]
[White "Sprzeczka, Emilia"]
[Black "Szopa, Emilia"]
[Result "1-0"]
[BlackElo "1407"]
[WhiteElo "1244"]
[LiveChessVersion "1.4.4"]

1. e4 {[%clk 0:03:02]} c5 {[%clk 0:03:03]} 2. Nf3 {[%clk 0:03:03]} Nc6
{[%clk 0:03:04]} 3. d4 {[%clk 0:03:03]} cxd4 {[%clk 0:03:05]} 4. Nxd4
{[%clk 0:03:03]} Nf6 {[%clk 0:03:06]} 5. Nc3 {[%clk 0:03:04]} e5 {[%clk 0:03:06]}
6. Ndb5 {[%clk 0:03:05]} d6 {[%clk 0:03:07]} 7. Bg5 {[%clk 0:03:06]} a6
{[%clk 0:03:08]} 8. Na3 {[%clk 0:03:07]} b5 {[%clk 0:03:09]} 9. Nd5
{[%clk 0:03:08]} Be7 {[%clk 0:03:10]} 10. Bxf6 {[%clk 0:03:08]} Bxf6
{[%clk 0:03:11]} 11. c3 {[%clk 0:03:09]} Bg5 {[%clk 0:03:10]} 12. Nc2
{[%clk 0:03:08]} Rb8 {[%clk 0:03:11]} 13. Be2 {[%clk 0:03:08]} a5
{[%clk 0:03:04]} 14. O-O {[%clk 0:03:03]} O-O {[%clk 0:03:03]} 15. Nce3
{[%clk 0:02:53]} Be6 {[%clk 0:02:41]} 16. a4 {[%clk 0:02:24]} bxa4
{[%clk 0:02:32]} 17. Qxa4 {[%clk 0:02:22]} Ne7 {[%clk 0:02:24]} 18. b4
{[%clk 0:02:11]} axb4 {[%clk 0:02:13]} 19. cxb4 {[%clk 0:02:09]} Ra8
{[%clk 0:01:49]} 20. Qxa8 {[%clk 0:01:51]} Qxa8 {[%clk 0:01:46]} 21. Rxa8
{[%clk 0:01:51]} Rxa8 {[%clk 0:01:46]} 22. Rb1 {[%clk 0:01:45]} h6
{[%clk 0:01:24]} 23. b5 {[%clk 0:01:42]} Rb8 {[%clk 0:01:14]} 24. b6
{[%clk 0:01:31]} Nxd5 {[%clk 0:00:38]} 25. Nxd5 {[%clk 0:01:30]} Bd8
{[%clk 0:00:30]} 26. b7 {[%clk 0:01:15]} Bxd5 {[%clk 0:00:19]} 27. exd5
{[%clk 0:01:16]} Kf8 {[%clk 0:00:16]} 28. Ba6 {[%clk 0:01:04]} Ke7
{[%clk 0:00:10]} 29. Rc1 {[%clk 0:01:03]} Kd7 {[%clk 0:00:11]} 30. Bb5+
{[%clk 0:00:58]} Ke7 {[%clk 0:00:11]} 31. Bc6 {[%clk 0:00:56]} Bc7
{[%clk 0:00:08]} 32. f3 {[%clk 0:00:52]} f5 {[%clk 0:00:09]} 33. Kf2
{[%clk 0:00:45]} Bb6+ {[%clk 0:00:11]} 34. Ke2 {[%clk 0:00:39]} Bc7
{[%clk 0:00:11]} 35. g3 {[%clk 0:00:37]} f4 {[%clk 0:00:12]} 36. gxf4
{[%clk 0:00:36]} exf4 {[%clk 0:00:13]} 37. Kd3 {[%clk 0:00:36]} g5
{[%clk 0:00:14]} 38. h4 {[%clk 0:00:33]} Kf6 {[%clk 0:00:15]} 39. hxg5+
{[%clk 0:00:28]} Kxg5 {[%clk 0:00:14]} 40. Ke4 {[%clk 0:00:27]} h5
{[%clk 0:00:14]} 41. Rg1+ {[%clk 0:00:27]} Kf6 {[%clk 0:00:14]} 42. Kxf4
{[%clk 0:00:28]} Bb6 {[%clk 0:00:14]} 43. Rh1 {[%clk 0:00:22]} Kg6
{[%clk 0:00:12]} 44. Rh3 {[%clk 0:00:14]} Bd8 {[%clk 0:00:12]} 45. Ke4
{[%clk 0:00:14]} Bf6 {[%clk 0:00:13]} 46. f4 {[%clk 0:00:15]} h4 {[%clk 0:00:12]}
47. Kf3 {[%clk 0:00:15]} Kh5 {[%clk 0:00:13]} 48. Rh1 {[%clk 0:00:10]} Bd8
{[%clk 0:00:13]} 49. Be8+ {[%clk 0:00:07]} Kh6 {[%clk 0:00:13]} 50. Rb1
{[%clk 0:00:05]} Bc7 {[%clk 0:00:14]} 51. Bc6 {[%clk 0:00:06]} Kh5
{[%clk 0:00:14]} 52. f5 {[%clk 0:00:05]} Kg5 {[%clk 0:00:16]} 53. Ke4
{[%clk 0:00:06]} h3 {[%clk 0:00:15]} 54. Rh1 {[%clk 0:00:05]} Rh8
{[%clk 0:00:16]} 55. Bd7 {[%clk 0:00:03]} h2 {[%clk 0:00:16]} 56. Kf3
{[%clk 0:00:04]} Rb8 {[%clk 0:00:15]} 57. Bc8 {[%clk 0:00:04]} Bb6
{[%clk 0:00:14]} 58. Rxh2 {[%clk 0:00:05]} Kf6 {[%clk 0:00:15]} 59. Kf4
{[%clk 0:00:06]} Bd4 {[%clk 0:00:15]} 60. Rh6+ {[%clk 0:00:07]} Ke7
{[%clk 0:00:15]} 61. Rg6 {[%clk 0:00:07]} Be5+ {[%clk 0:00:16]} 62. Kg5
{[%clk 0:00:08]} Bd4 {[%clk 0:00:16]} 63. f6+ {[%clk 0:00:09]} Kf7
{[%clk 0:00:17]} 64. Rg7+ {[%clk 0:00:10]} Kf8 {[%clk 0:00:17]} 65. Kg6
{[%clk 0:00:10]} Be5 {[%clk 0:00:16]} 66. Rh7 {[%clk 0:00:08]} Kg8
{[%clk 0:00:15]} 67. f7+ {[%clk 0:00:09]} Kf8 {[%clk 0:00:16]} 68. Rh5
{[%clk 0:00:09]} Bd4 {[%clk 0:00:17]} 69. Rh4 {[%clk 0:00:09]} Be5
{[%clk 0:00:16]} 70. Ra4 {[%clk 0:00:09]} Bd4 {[%clk 0:00:16]} 71. Rxd4
{[%clk 0:00:09]} Rxb7 {[%clk 0:00:09]} 72. Bxb7 {[%clk 0:00:09]} Ke7
{[%clk 0:00:11]} 73. Kg7 {[%clk 0:00:10]} Kd7 {[%clk 0:00:12]} 74. f8=Q
{[%clk 0:00:09]} Kc7 {[%clk 0:00:13]} 75. Qe7+ {[%clk 0:00:09]} Kb6
{[%clk 0:00:15]} 76. Rc4 {[%clk 0:00:09]} Kb5 {[%clk 0:00:15]} 77. Qe4
{[%clk 0:00:07]} Kb6 {[%clk 0:00:16]} 78. Rc6+ {[%clk 0:00:08]} Ka7
{[%clk 0:00:16]} 79. Bc8 {[%clk 0:00:07]} Kb8 {[%clk 0:00:15]} 80. Qb4+
{[%clk 0:00:08]} Ka7 {[%clk 0:00:16]} 81. Ra6# 1-0

[Event "blitz-d14"]
[Site "?"]
[Date "2021.08.27"]
[Round "13.3"]
[White "Janikowska, Wiktoria"]
[Black "Ziobrowska, Maja"]
[Result "1/2-1/2"]
[BlackElo "1380"]
[WhiteElo "1394"]
[LiveChessVersion "1.4.4"]

1. e4 {[%clk 0:03:01]} b6 {[%clk 0:03:04]} 2. d4 {[%clk 0:03:02]} Bb7
{[%clk 0:03:05]} 3. Nc3 {[%clk 0:03:03]} d6 {[%clk 0:03:03]} 4. Nf3
{[%clk 0:03:03]} Nd7 {[%clk 0:03:03]} 5. Be3 {[%clk 0:03:03]} Ngf6
{[%clk 0:03:04]} 6. Bd3 {[%clk 0:03:04]} e6 {[%clk 0:03:02]} 7. Qd2
{[%clk 0:02:56]} Be7 {[%clk 0:03:02]} 8. h3 {[%clk 0:02:56]} c5 {[%clk 0:03:02]}
9. Bb5 {[%clk 0:02:47]} O-O {[%clk 0:02:57]} 10. d5 {[%clk 0:02:42]} exd5
{[%clk 0:02:44]} 11. exd5 {[%clk 0:02:41]} Ne5 {[%clk 0:02:41]} 12. Nxe5
{[%clk 0:02:38]} dxe5 {[%clk 0:02:41]} 13. Rd1 {[%clk 0:02:31]} Rc8
{[%clk 0:02:31]} 14. d6 {[%clk 0:02:28]} a6 {[%clk 0:02:03]} 15. Bf1
{[%clk 0:02:24]} Re8 {[%clk 0:01:44]} 16. dxe7 {[%clk 0:02:24]} Qxe7
{[%clk 0:01:46]} 17. Qd6 {[%clk 0:02:21]} Qxd6 {[%clk 0:01:23]} 18. Rxd6
{[%clk 0:02:21]} b5 {[%clk 0:01:22]} 19. Rb6 {[%clk 0:02:16]} b4 {[%clk 0:01:03]}
20. Na4 {[%clk 0:02:08]} Be4 {[%clk 0:00:59]} 21. Nxc5 {[%clk 0:01:58]} Bxc2
{[%clk 0:00:59]} 22. Bxa6 {[%clk 0:01:56]} Rc7 {[%clk 0:00:53]} 23. O-O
{[%clk 0:01:54]} Nd5 {[%clk 0:00:54]} 24. Rb7 {[%clk 0:01:42]} Rcc8
{[%clk 0:00:29]} 25. Nb3 {[%clk 0:01:33]} Nxe3 {[%clk 0:00:27]} 26. fxe3
{[%clk 0:01:33]} f6 {[%clk 0:00:24]} 27. Kh2 {[%clk 0:01:25]} h6 {[%clk 0:00:20]}
28. Na1 {[%clk 0:01:18]} Be4 {[%clk 0:00:20]} 29. Ra7 {[%clk 0:01:17]} Ra8
{[%clk 0:00:20]} 30. Rxa8 {[%clk 0:01:15]} Rxa8 {[%clk 0:00:21]} 31. Bc4+
{[%clk 0:01:16]} Kh7 {[%clk 0:00:21]} 32. Bb3 {[%clk 0:01:15]} Bd3
{[%clk 0:00:21]} 33. Rd1 {[%clk 0:01:15]} e4 {[%clk 0:00:22]} 34. Bc2
{[%clk 0:01:12]} Rxa2 {[%clk 0:00:20]} 35. Bxd3 {[%clk 0:01:12]} exd3
{[%clk 0:00:21]} 36. Nb3 {[%clk 0:01:10]} Rxb2 {[%clk 0:00:20]} 37. Rxd3
{[%clk 0:01:11]} Re2 {[%clk 0:00:17]} 38. Nc5 {[%clk 0:01:07]} f5
{[%clk 0:00:16]} 39. Rb3 {[%clk 0:01:06]} g5 {[%clk 0:00:15]} 40. Na6
{[%clk 0:00:45]} Kg6 {[%clk 0:00:16]} 41. Nxb4 {[%clk 0:00:46]} Kh5
{[%clk 0:00:17]} 42. Nd5 {[%clk 0:00:45]} Kh4 {[%clk 0:00:13]} 43. Rb4+
{[%clk 0:00:44]} g4 {[%clk 0:00:13]} 44. hxg4 {[%clk 0:00:39]} fxg4
{[%clk 0:00:14]} 45. Nf6 {[%clk 0:00:32]} h5 {[%clk 0:00:14]} 46. Kg1
{[%clk 0:00:26]} Kg3 {[%clk 0:00:13]} 47. Nxh5+ {[%clk 0:00:26]} Kh4
{[%clk 0:00:13]} 48. Nf4 {[%clk 0:00:25]} Rxe3 {[%clk 0:00:13]} 49. Kf2
{[%clk 0:00:22]} Rc3 {[%clk 0:00:13]} 50. Rb5 {[%clk 0:00:20]} Rc2+
{[%clk 0:00:13]} 51. Ke3 {[%clk 0:00:20]} Kg3 {[%clk 0:00:12]} 52. Ne2+
{[%clk 0:00:19]} Kxg2 {[%clk 0:00:12]} 53. Rg5 {[%clk 0:00:19]} Kh3
{[%clk 0:00:11]} 54. Ng1+ {[%clk 0:00:17]} Kh4 {[%clk 0:00:12]} 55. Rg8
{[%clk 0:00:17]} Rc3+ {[%clk 0:00:12]} 56. Kf2 {[%clk 0:00:15]} g3+
{[%clk 0:00:13]} 57. Kf1 {[%clk 0:00:11]} Rc1+ {[%clk 0:00:13]} 58. Kg2
{[%clk 0:00:11]} Rc2+ {[%clk 0:00:14]} 59. Kf3 {[%clk 0:00:09]} g2
{[%clk 0:00:14]} 60. Kf4 {[%clk 0:00:05]} Rc4+ {[%clk 0:00:15]} 61. Ke3
{[%clk 0:00:06]} Rg4 {[%clk 0:00:14]} 62. Rxg4+ {[%clk 0:00:06]} 1/2-1/2

[Event "blitz-d14"]
[Site "?"]
[Date "2021.08.27"]
[Round "13.4"]
[White "Tokarz, Izabela"]
[Black "Slusarczyk, Anna"]
[Result "1-0"]
[BlackElo "1258"]
[WhiteElo "1519"]
[LiveChessVersion "1.4.4"]

1. d4 {[%clk 0:03:03]} Nf6 {[%clk 0:03:02]} 2. c4 {[%clk 0:03:05]} e6
{[%clk 0:03:03]} 3. Nc3 {[%clk 0:03:06]} Bb4 {[%clk 0:03:03]} 4. f3
{[%clk 0:03:07]} d5 {[%clk 0:02:58]} 5. e3 {[%clk 0:03:06]} O-O {[%clk 0:02:54]}
6. a3 {[%clk 0:03:07]} Bxc3+ {[%clk 0:02:54]} 7. bxc3 {[%clk 0:03:08]} c6
{[%clk 0:02:52]} 8. cxd5 {[%clk 0:03:07]} cxd5 {[%clk 0:02:52]} 9. Bd3
{[%clk 0:03:07]} Nbd7 {[%clk 0:02:33]} 10. Ne2 {[%clk 0:03:07]} e5
{[%clk 0:02:03]} 11. O-O {[%clk 0:03:06]} e4 {[%clk 0:01:58]} 12. Bb1
{[%clk 0:02:58]} Qc7 {[%clk 0:01:38]} 13. Bd2 {[%clk 0:02:52]} b6
{[%clk 0:01:32]} 14. Ng3 {[%clk 0:02:52]} Bb7 {[%clk 0:01:00]} 15. Nf5
{[%clk 0:02:45]} Rae8 {[%clk 0:00:49]} 16. f4 {[%clk 0:02:11]} Kh8
{[%clk 0:00:36]} 17. a4 {[%clk 0:02:09]} Rg8 {[%clk 0:00:26]} 18. Qe1
{[%clk 0:02:02]} g5 {[%clk 0:00:19]} 19. Nh6 {[%clk 0:01:53]} Rg6
{[%clk 0:00:00]} 1-0

[Event "blitz-d14"]
[Site "?"]
[Date "2021.08.27"]
[Round "13.5"]
[White "Giemza, Julia"]
[Black "Oborska, Magda"]
[Result "1-0"]
[BlackElo "1309"]
[WhiteElo "1431"]
[LiveChessVersion "1.4.4"]

1. e4 {[%clk 0:03:03]} e5 {[%clk 0:03:04]} 2. Nf3 {[%clk 0:03:04]} Nc6
{[%clk 0:03:05]} 3. Bb5 {[%clk 0:03:05]} Bc5 {[%clk 0:03:06]} 4. O-O
{[%clk 0:03:05]} d6 {[%clk 0:03:07]} 5. h3 {[%clk 0:03:05]} Nf6 {[%clk 0:03:07]}
6. Re1 {[%clk 0:03:06]} O-O {[%clk 0:03:06]} 7. c3 {[%clk 0:03:07]} h6
{[%clk 0:03:04]} 8. d4 {[%clk 0:03:07]} exd4 {[%clk 0:03:05]} 9. cxd4
{[%clk 0:03:07]} Bb4 {[%clk 0:03:02]} 10. Nc3 {[%clk 0:03:02]} a6
{[%clk 0:02:50]} 11. Bd3 {[%clk 0:02:52]} Re8 {[%clk 0:02:46]} 12. Qb3
{[%clk 0:02:45]} Nh5 {[%clk 0:02:14]} 13. Be3 {[%clk 0:02:21]} Bxc3
{[%clk 0:01:54]} 14. bxc3 {[%clk 0:02:08]} Qf6 {[%clk 0:01:54]} 15. Qd1
{[%clk 0:01:50]} Nf4 {[%clk 0:01:06]} 16. Bc2 {[%clk 0:01:23]} Ng6
{[%clk 0:00:39]} 17. Nh2 {[%clk 0:01:14]} Nh4 {[%clk 0:00:28]} 18. Ng4
{[%clk 0:01:10]} Bxg4 {[%clk 0:00:27]} 19. Qxg4 {[%clk 0:01:11]} Ng6
{[%clk 0:00:27]} 20. Rab1 {[%clk 0:01:09]} Rab8 {[%clk 0:00:27]} 21. f4
{[%clk 0:01:05]} Qh4 {[%clk 0:00:24]} 22. Qf3 {[%clk 0:00:59]} Qe7
{[%clk 0:00:15]} 23. f5 {[%clk 0:00:59]} Nh8 {[%clk 0:00:13]} 24. f6
{[%clk 0:00:52]} Qxf6 {[%clk 0:00:10]} 25. Qxf6 {[%clk 0:00:52]} gxf6
{[%clk 0:00:12]} 26. Bxh6 {[%clk 0:00:52]} Ng6 {[%clk 0:00:13]} 27. Rf1
{[%clk 0:00:50]} Kh7 {[%clk 0:00:11]} 28. Bd2 {[%clk 0:00:48]} Na5
{[%clk 0:00:06]} 29. Rxf6 Nc4 30. Bc1 {[%clk 0:00:36]} Kg7 {[%clk 0:00:09]} 31.
Rf1 {[%clk 0:00:35]} b5 {[%clk 0:00:08]} 32. Bd3 {[%clk 0:00:31]} Nb6
{[%clk 0:00:08]} 33. Bg5 {[%clk 0:00:31]} Nd7 {[%clk 0:00:06]} 34. Rbe1
{[%clk 0:00:31]} c5 {[%clk 0:00:05]} 35. h4 {[%clk 0:00:21]} c4 {[%clk 0:00:05]}
36. Bc2 {[%clk 0:00:21]} a5 {[%clk 0:00:06]} 37. h5 {[%clk 0:00:21]} Ne7
{[%clk 0:00:06]} 38. h6+ {[%clk 0:00:21]} Kh8 {[%clk 0:00:06]} 39. Rxf7
{[%clk 0:00:20]} Ng6 {[%clk 0:00:04]} 40. Rxd7 {[%clk 0:00:21]} 1-0

[Event "blitz-d14"]
[Site "?"]
[Date "2021.08.27"]
[Round "13.6"]
[White "Kulczycka, Zofia"]
[Black "Pawicka, Magdalena"]
[Result "0-1"]
[BlackElo "1550"]
[WhiteElo "1192"]
[LiveChessVersion "1.4.4"]

1. e4 {[%clk 0:03:03]} e5 {[%clk 0:03:03]} 2. Nf3 Nc6 3. Bb5 {[%clk 0:03:05]}
Nge7 {[%clk 0:03:05]} 4. O-O {[%clk 0:03:04]} g6 {[%clk 0:03:06]} 5. c3
{[%clk 0:03:05]} Bg7 {[%clk 0:03:00]} 6. d4 {[%clk 0:03:00]} exd4
{[%clk 0:02:59]} 7. cxd4 {[%clk 0:03:00]} O-O {[%clk 0:02:59]} 8. Nc3
{[%clk 0:02:57]} d5 {[%clk 0:02:59]} 9. e5 {[%clk 0:02:45]} Bg4 {[%clk 0:02:58]}
10. h3 {[%clk 0:02:45]} Bxf3 {[%clk 0:02:58]} 11. Qxf3 {[%clk 0:02:37]} Nxd4
{[%clk 0:02:58]} 12. Qd3 {[%clk 0:02:38]} Nxb5 {[%clk 0:02:52]} 13. Qxb5
{[%clk 0:02:31]} Bxe5 {[%clk 0:02:32]} 14. Qxb7 {[%clk 0:02:19]} Qd6
{[%clk 0:01:59]} 15. Qa6 {[%clk 0:01:58]} Qxa6 {[%clk 0:01:59]} 16. Re1
{[%clk 0:01:52]} Bxc3 {[%clk 0:01:59]} 17. bxc3 {[%clk 0:01:52]} Nf5
{[%clk 0:01:59]} 0-1

[Event "blitz-d14"]
[Site "?"]
[Date "2021.08.27"]
[Round "13.7"]
[White "Mitrega, Wiktoria"]
[Black "Gladyszewska, Kinga"]
[Result "1/2-1/2"]
[BlackElo "1169"]
[WhiteElo "1267"]
[LiveChessVersion "1.4.4"]

1. c4 e5 2. Nc3 Nf6 3. g3 d6 4. Bg2 Nc6 5. e3 Bd7 6. Nge2 Be7 7. O-O O-O 8. d4
exd4 9. exd4 Rb8 10. Re1 h6 11. b3 Bf5 12. a3 Qd7 13. Bb2 Bh3 14. Nf4 Bxg2 15.
Nxg2 d5 16. cxd5 Nxd5 17. Nxd5 Qxd5 18. Ne3 Qd7 19. d5 Nd8 20. Nc4 a6 21. Ne5 Qd6
22. Rc1 Rc8 23. Nc4 Qd7 24. Qd3 Bd6 25. Nxd6 Qxd6 26. Qd4 f6 27. Rcd1 Nf7 28. Re6
Qd7 29. Rde1 Ne5 30. Qd1 c6 31. Bxe5 fxe5 32. R6xe5 cxd5 33. Rxd5 Qf7 34. Rf1 Rc3
35. Rd3 Rcc8 36. Rd7 Qf3 37. Qxf3 Rxf3 38. Rxb7 Rcc3 39. Rb1 Rc2 40. Rf1 Rb2 41.
Rb6 Rbxb3 42. Rxa6 Rxa3 43. Rxa3 Rxa3 44. Kg2 Ra2 45. Rd1 Kh7 46. Rd6 Rb2 47. Kf3
Rb3+ 48. Kg4 Rb4+ 49. f4 Rb5 50. Kf3 Rb3+ 51. Ke4 Rb2 52. h4 Rb4+ 53. Kf3 Rb3+
54. Kg4 Rb5 55. f5 Rb4+ 56. Kf3 Kg8 57. Rd7 Rc4 58. Ke3 Rb4 59. Kf3 Rc4 60. g4
Rc3+ 61. Kf4 Rc4+ 62. Kf3 Rc3+ 63. Kg2 Rc2+ 64. Kg3 Rc3+ 65. Kf2 Rh3 66. h5 Rc3
67. Rd4 Rb3 68. Rf4 Rb2+ 69. Ke3 Rb3+ 70. Kd4 Rb4+ 71. Ke5 Rb5+ 72. Kd6 Rb6+ 73.
Kc7 Rf6 74. Rd4 Rf7+ 75. Kd6 Rf6+ 76. Ke7 Ra6 77. Rd6 Ra7+ 78. Ke6 Ra4 79. f6
Rxg4 80. fxg7 Rxg7 81. Rd5 1/2-1/2